01004namaa22002531i 450000500170000000800410001704000430005804100180010110000390011924501720015824600600033026400090039030000460039933600220044533700250046733800230049250200430051550400330055865300230059170000290061470000370064370000330068070000370071320260301114356.0260215s1994 ua a|||frm||| 000 0 eng d aEG-GICUCbengcEG-GICUCdEG-GICUCerda0 aengbengbara0 aMagdy Youssef Amin ,epreparation.14aThe Contraction of magnetized cloud /b cBy Magdy Youssef Amin ; Supervised Prof. Dr. A. Aiad , Prof. Dr. Bader G . Ateya, Prof.Dr. M. A. Sharf, Dr. M. S. El Nawawy.15aانكماش سحابة بين نجمية ممغنطة  0c1994 a285 Leaves :billustrations ; c30 cm. +  2rda contentatext 2rdamediaaUnmediated 2rdacarrieravolume aThesis (Ph.D.) -Cairo University, 1994 aBibliography: pages 275-285. 0acloudamagnetized 0 aA. Aiadethesis advisor.0 aBader G . Ateyaethesis advisor.0 aM. A. Sharfethesis advisor.0 aM. S. El Nawawyethesis advisor.